Hot spots in extragalactic radio sources (Record no. 9755)

MARC details
000 -LEADER
fixed length control field 00725nam a2200217Ia 4500
003 - CONTROL NUMBER IDENTIFIER
control field IN-BaIIA
008 - FIXED-LENGTH DATA ELEMENTS--GENERAL INFORMATION
fixed length control field 211028s9999 xx 000 0 eng d
020 ## - INTERNATIONAL STANDARD BOOK NUMBER
International Standard Book Number 3-540-50993-3
040 ## - CATALOGING SOURCE
Transcribing agency IIA Library
080 ## - UNIVERSAL DECIMAL CLASSIFICATION NUMBER
Universal Decimal Classification number 524.7-77(082.2)
Item number HOT
245 #0 - TITLE STATEMENT
Title Hot spots in extragalactic radio sources
Statement of responsibility, etc. edited by K. Meisenheimer and H-J. Roser
260 ## - PUBLICATION, DISTRIBUTION, ETC.
Place of publication, distribution, etc. Berlin
Name of publisher, distributor, etc. Springer-Verlag
Date of publication, distribution, etc. 1989
300 ## - PHYSICAL DESCRIPTION
Extent xii, 301p.
490 ## - SERIES STATEMENT
Series statement Lecture notes in physics; v. 327
650 ## - SUBJECT ADDED ENTRY--TOPICAL TERM
Topical term or geographic name entry element Astronomy and astrophysics thesaurus
650 ## - SUBJECT ADDED ENTRY--TOPICAL TERM
Topical term or geographic name entry element Extragalactic objects
9 (RLIN) 3898
650 ## - SUBJECT ADDED ENTRY--TOPICAL TERM
Topical term or geographic name entry element Radio sources
9 (RLIN) 3666
700 ## - ADDED ENTRY--PERSONAL NAME
Personal name Meisenheimer, K., ed.
9 (RLIN) 16511
700 ## - ADDED ENTRY--PERSONAL NAME
Personal name Roser, H-J., ed.
9 (RLIN) 16512
942 ## - ADDED ENTRY ELEMENTS (KOHA)
Koha item type Books
Holdings
Withdrawn status Lost status Damaged status Not for loan Home library Current library Shelving location Date acquired Cost, normal purchase price Total Checkouts Full call number Barcode Date last seen Cost, replacement price Price effective from Koha item type Purchase Price
        IIA Library-Bangalore IIA Library-Bangalore General Stacks   695.50   524.7-77(082.2)/ HOT 10665 05/11/2021 695.50   Books Rs. 695.50

Powered by Koha